[Event "GER-chT U10"]
[Site "Magdeburg"]
[Date "2012.12.27"]
[Round "1.1"]
[White "Rosenhain, Rachela"]
[Black "Tuente, Lennart"]
[Result "1-0"]
[WhiteElo "1451"]
[BlackElo "1032"]
[PlyCount "37"]
[EventDate "2012.12.27"]
[EventType "team-swiss"]
[EventRounds "7"]
[EventCountry "GER"]
[SourceTitle "EXT 2014"]
[Source "ChessBase"]
[SourceDate "2013.11.20"]
[SourceVersion "1"]
[SourceVersionDate "2013.11.20"]
[SourceQuality "1"]
[WhiteTeam "Raesfeld Erle"]
[BlackTeam "Raesfeld Erle"]
[WhiteTeamCountry "GER"]
[BlackTeamCountry "GER"]

1. e4 e5 2. Nf3 Nc6 3. Bc4 Bc5 4. b4 Bxb4 5. c3 Bc5 6. d4 exd4 7. cxd4 Bb4+ 8. Bd2 d6 9. Bxb4 Nxb4 10. Bxf7+ Kxf7 11. Qb3+ d5 12. Qxb4 dxe4 13. Ne5+ Ke8 14. 0-0 Nf6 15. Nc3 a5 16. Qc4 Ke7 17. Rfe1 Re8 18. Qf7+ Kd6 19. Nb5# 1-0